|
|
|
|
| LEADER |
01168nam a22003012a 4500 |
| 001 |
001395618 |
| 003 |
CZ BrMZK |
| 005 |
20140925152635.0 |
| 007 |
ta |
| 008 |
140619s1959 xr er|||||||||||cze d |
| 015 |
|
|
|a cnb000684928
|
| 035 |
|
|
|a (OCoLC)85462248
|
| 040 |
|
|
|a ABA001
|b cze
|c ULG001
|d ABA001
|d BOA001
|
| 041 |
0 |
|
|a cze
|a ger
|
| 080 |
|
|
|a 430(075)
|
| 100 |
1 |
|
|a Link, Eduard
|7 jk01072189
|4 aut
|
| 245 |
1 |
0 |
|a Němčina v obchodě :
|b učebnice pro pracovníky obchodu a veřejného stravovaní : pomocná kniha pro nepovinné vyučování na učňovských školách (obor prodavač, číšník, servírka) /
|c Eduard Link, Arnošt Kaiser, František Soukup ; [spolupracovala] Dagmar Uhlíková
|
| 250 |
|
|
|a 1. vyd.
|
| 260 |
|
|
|a Praha :
|b Vydavatelství vnitřního obchodu,
|c 1959
|
| 300 |
|
|
|a 266 s. ;
|c 8°
|
| 500 |
|
|
|a 6200 výt.
|
| 700 |
1 |
|
|a Soukup, František
|7 jk01120528
|4 aut
|
| 700 |
1 |
|
|a Kaiser, Arnošt
|7 jk01052557
|4 aut
|
| 700 |
1 |
|
|a Uhlíková, Dagmar,
|d 1921-
|7 jk01140641
|4 aut
|
| 910 |
|
|
|a BOA001
|b 2-0451.914
|
| 990 |
|
|
|a BK
|
| 991 |
|
|
|b 201406
|
| 996 |
6 |
|
|b 2619084978
|c 2-0451.914
|l MZK
|r Sklad / do 24 hodin
|n 0
|w 001430727
|u 000010
|a 1
|e BOA001
|j MZK50
|s P
|